Environment and society / (Record no. 27084)

MARC details
000 -LEADER
fixed length control field 00917nam a22002411 4500
005 - DATE AND TIME OF LATEST TRANSACTION
control field 20090601123824.0
008 - FIXED-LENGTH DATA ELEMENTS--GENERAL INFORMATION
fixed length control field 721219s1962 nyu 000 0 eng
010 ## - LCCN (DPL NO)
LC control number ENG-93796
020 ## - INTERNATIONAL STANDARD BOOK NUMBER
International Standard Book Number 9788131305027
Terms of availability 995.00
035 ## - SYSTEM CONTROL NUMBER
System control number EN-77329
037 ## - SOURCE OF ACQUISITION
Source of stock number/acquisition DBAD / PUB
040 ## - CATALOGING SOURCE
Original cataloging agency dpl
Language of cataloging English
082 ## - DEWEY DECIMAL CLASSIFICATION NUMBER
Classification number 363.7
245 ## - TITLE STATEMENT
Title Environment and society /
Statement of responsibility, etc edited by Abha Trivedi...[et al]
260 ## - PUBLICATION, DISTRIBUTION, ETC. (IMPRINT)
Place of publication, distribution, etc New Delhi
Name of publisher, distributor, etc APH Publishing Corporation
Date of publication, distribution, etc 2009
270 ## - ADDRESS
Address 4435-36/7, Ansari Road, Daryaganj,
City New Delhi
Postal code 110002
300 ## - PHYSICAL DESCRIPTION
Extent xvi, 297 p.
Dimensions 23cm(Hb)
500 ## - GENERAL NOTE
General note Includes references and index
700 ## - ADDED ENTRY--PERSONAL NAME
Personal name Trivedi, Abha
942 ## - ADDED ENTRY ELEMENTS (KOHA)
Item type English Books
Call number suffix ENV
Source of classification or shelving scheme Dewey Decimal Classification
Classification part 363.7
Holdings
Withdrawn status Lost status Source of classification or shelving scheme Damaged status Not for loan Collection code Home library Current library Date acquired Source of acquisition Cost, normal purchase price Total Checkouts Full call number Barcode Date last seen Copy number Cost, replacement price Koha item type
    Dewey Decimal Classification   Not For Loan Non-fiction D.B.Act.Division D.B.Act.Division 01/06/2009 DBAD / PUB 995.00   363.7 ENV EN-77329 01/06/2009 1 995.00 English Books

© Delhi Public Library
Hit Counter
free hit counter